Language Quiz

Random Language or German Quiz

German: To Be Quiz Stats

 Plays Quiz Updated Dec 27, 2018

Support Sporcle.
Go Orange.
Score 0/7 Timer 01:00
8 Plays Today
Pronomen Verb % Correct
ichbin
98.9%
dubist
94.1%
er/sie/esist
90.4%
wirsind
83.4%
siesind
83.4%
Siesind
83.4%
ihrseid
62.3%

From the Vault

Landmarks: Same Continent?

by jakethegoldfish

Only on Sporcle can you travel from continent to continent with such ease.
Remove Ads.
Support Sporcle.
Get the best of Sporcle when you Go Orange. This ad-free experience offers more features, more stats, and more fun while also helping to support Sporcle. Thank you for becoming a member.

Show Comments

Extras

Top Quizzes Today


Score Distribution

Your Account Isn't Verified!

In order to create a playlist on Sporcle, you need to verify the email address you used during registration. Go to your Sporcle Settings to finish the process.

Report this User

Report this user for behavior that violates our Community Guidelines.

Details: